000 00422nam a2200157Ia 4500
008 210716s2018 xx 000 0 und d
020 _a9788126576050
041 _aeng
082 _a004.65 LAMT
100 _aLammle, Todd.
245 _aComptia network+ study guide: exam N10-007.
_bExam N10-007
250 _a4
260 _aNew Delhi
_bWiley India Pvt Ltd
_c2018
300 _aLxxv,931
650 _aComputer Networks
999 _c197012
_d197012